Emergiendo de la oscuridad / (Registro nro. 3557)

Detalles MARC
000 -LEADER
fixed length control field 00933nam a2200241Ia 4500
003 - CONTROL NUMBER IDENTIFIER
control field OSt
005 - DATE AND TIME OF LATEST TRANSACTION
control field 20250521161527.0
008 - FIXED-LENGTH DATA ELEMENTS--GENERAL INFORMATION
fixed length control field 191128t1995 ck er 000 f spa d
020 ## - INTERNATIONAL STANDARD BOOK NUMBER
International Standard Book Number 1560634987
040 ## - CATALOGING SOURCE
Original cataloging agency CO-JMCR
Transcribing agency CO-JMCR
041 ## - LANGUAGE CODE
Language code of text/sound track or separate title spa
082 04 - DEWEY DECIMAL CLASSIFICATION NUMBER
Classification number J-N
Item number ANDe
100 1# - MAIN ENTRY--PERSONAL NAME
Personal name Anderson, Neil T.
Relator term autor
9 (RLIN) 6309
245 10 - TITLE STATEMENT
Title Emergiendo de la oscuridad /
Statement of responsibility, etc. Neil T. Anderson, Dave Park
250 ## - EDITION STATEMENT
Edition statement Primera edición
260 ## - PUBLICATION, DISTRIBUTION, ETC.
Place of publication, distribution, etc. Bogotá :
Name of publisher, distributor, etc. Editorial Unilit,
Date of publication, distribution, etc. ©1995
300 ## - PHYSICAL DESCRIPTION
Extent 211 páginas :
Dimensions 21 cm.
500 ## - GENERAL NOTE
General note Recomendado para jovenes.
520 ## - SUMMARY, ETC.
Summary, etc. ¿Qué ves al mirarte al espejo? ¿Una superestrella de música rock? ¿Una chica atractiva cuya foto aparece en colores en la cubierta de una revista popular? Bueno, quizás no, pero no te preocupes -no importa lo que ves cuando te miras a ti mismo- Dios ve al
650 14 - SUBJECT ADDED ENTRY--TOPICAL TERM
Topical term or geographic name entry element Literatura cristiana
9 (RLIN) 6310
700 ## - ADDED ENTRY--PERSONAL NAME
Personal name Park, Dave
Relator term autor
9 (RLIN) 6311
942 ## - ADDED ENTRY ELEMENTS (KOHA)
Source of classification or shelving scheme Dewey Decimal Classification
Koha item type Books
Existencias
Withdrawn status Lost status Source of classification or shelving scheme Damaged status Not for loan Home library Current library Date acquired Source of acquisition Cost, normal purchase price Total Checkouts Full call number Barcode Date last seen Date last checked out Copy number Price effective from Koha item type
    Dewey Decimal Classification     Biblioteca Pública José María del Castillo y Rada Biblioteca Pública José María del Castillo y Rada 11/28/2019 Donación 0.00 1 J-N ANDe 201807421 04/08/2025 04/07/2025 Ej.1 11/28/2019 Books